<?xml version="1.0" encoding="utf-8"?>
<?xml-stylesheet type='text/xsl' href='./oai2.xsl'?>
<OAI-PMH xmlns="http://www.openarchives.org/OAI/2.0/" xmlns:xsi="http://www.w3.org/2001/XMLSchema-instance" xsi:schemaLocation="http://www.openarchives.org/OAI/2.0/ http://www.openarchives.org/OAI/2.0/OAI-PMH.xsd">
  <responseDate>2026-06-05T11:55:18Z</responseDate>
  <request verb="GetRecord" metadataPrefix="marcxml" identifier="record_kuniweb_24508">https://kulturerbe.niedersachsen.de/oai</request>
  <GetRecord>
    <record>
      <header>
        <identifier>record_kuniweb_24508</identifier>
        <datestamp>2026-03-31T19:09:18Z</datestamp>
        <setSpec>slg0272</setSpec>
      </header>
      <metadata>
        <marc:record xmlns:marc="http://www.loc.gov/MARC21/slim" xsi:schemaLocation="http://www.loc.gov/MARC21/slim http://www.loc.gov/standards/marcxml/schema/MARC21slim.xsd">
          <marc:leader>12345nrm  22     uu 4500</marc:leader>
          <marc:controlfield tag="001">24508</marc:controlfield>
          <marc:controlfield tag="003">http://kuniweb.gbv.de</marc:controlfield>
          <marc:controlfield tag="005">2023-01-24T10:50:36</marc:controlfield>
          <marc:controlfield tag="008">|           ||||||||||||||||||||||</marc:controlfield>
          <marc:datafield tag="245" ind1="1" ind2="0">
            <marc:subfield code="a">Vereinswesen / Fahnenband des Landwehr u. Reservevereins, Einbeck 1878-1928</marc:subfield>
          </marc:datafield>
          <marc:datafield tag="655" ind1=" " ind2="7">
            <marc:subfield code="a">Alltagskultur</marc:subfield>
          </marc:datafield>
          <marc:datafield tag="046" ind1=" " ind2=" ">
            <marc:subfield code="k">1928-07-08</marc:subfield>
            <marc:subfield code="k">8. Juli 1928</marc:subfield>
          </marc:datafield>
          <marc:datafield tag="260" ind1=" " ind2=" ">
            <marc:subfield code="g">1928-07-08</marc:subfield>
            <marc:subfield code="g">8. Juli 1928</marc:subfield>
          </marc:datafield>
          <marc:datafield tag="300" ind1=" " ind2=" ">
            <marc:subfield code="a">Breite: 21 cm
Länge: 99 cm</marc:subfield>
          </marc:datafield>
          <marc:datafield tag="520" ind1=" " ind2=" ">
            <marc:subfield code="a">Fahnenband zum 50jährigen Bestehen des Landwehr u. Reservevereins Einbeck, gewidmet von den Frauen.
Die Vorderseite ist aus beigefarbigem Leinen und mit schwarzer Schrift bestickt. Die Rückseite ist aus schwarzem Satin gefertigt.
Die Rückseite ist oben etwas umgeschlagen, darauf ist mit goldfarbenen Metallfäden die Zahl 50 gestickt, bekränzt mit einem gebundenen Kranz aus Eichenlaub und Lorbeerzweigen.
An den oberen und unteren schmalen Saum ist eine Fransenborte genäht. Das Fahnenband kann an einer Kordel mit Karabinerverschluß aufgehängt werden.
Das Fahnenband ist mit einer Kante aus goldfarbenen Metallfäden umsäumt. (Stadtmuseum Einbeck)

Aufschrift:
"gewidmet von den Frauen des Landwehr u. Reservevereins" Einbeck, den 08.07.28 / 1878-1928 (mit schwarzen und goldfarbenen Metallfäden aufgestickt.)

Verwendungszweck:
Als Kennzeichen einer Gemeinschaft

Gebrauchsort:
Einbeck (Northeim, Niedersachsen)</marc:subfield>
          </marc:datafield>
          <marc:datafield tag="650" ind1="1" ind2=" ">
            <marc:subfield code="a">Siegel, Orden, Zeichen, Fahne &gt; Fahne &gt; Fahnenband</marc:subfield>
          </marc:datafield>
          <marc:datafield tag="650" ind1="1" ind2=" ">
            <marc:subfield code="a">Öffentlichkeit und Gemeinwesen</marc:subfield>
          </marc:datafield>
          <marc:datafield tag="773" ind1="0" ind2=" ">
            <marc:subfield code="t">Sammlung Vereinswesen</marc:subfield>
          </marc:datafield>
          <marc:datafield tag="852" ind1=" " ind2=" ">
            <marc:subfield code="a">Stadtmuseum Einbeck</marc:subfield>
          </marc:datafield>
          <marc:datafield tag="" ind1=" " ind2=" ">
            <marc:subfield code="a">Namensnennung - Weitergabe unter gleichen Bedingungen 4.0 International (CC BY-SA 4.0)</marc:subfield>
          </marc:datafield>
        </marc:record>
      </metadata>
    </record>
  </GetRecord>
</OAI-PMH>
